| 000 | 00593nam a2200169Ia 4500 | ||
|---|---|---|---|
| 003 | LDD | ||
| 008 | 190117s9999 xx 000 0 und d | ||
| 020 | _c₹150 | ||
| 040 | _cLDD | ||
| 041 | _ahi | ||
| 082 | _a8H3.709 अ 2659 प्रे | ||
| 100 | _aअजमानी, सुकृता | ||
| 245 | 0 |
_aप्रेमचन्दोत्तर हिन्दी उपन्यासों में बाल मनोविज्ञान _cसुकृता अजमानी |
|
| 260 |
_aदिल्ली _bपराग _c1990 |
||
| 300 | _a306प्र. | ||
| 942 |
_2ddc _cH |
||
| 999 |
_c154220 _d154220 |
||